Midnight howl / (Record no. 3408)
[ view plain ]
| 000 -LEADER | |
|---|---|
| fixed length control field | 00764nam a22002657a 4500 |
| 001 - CONTROL NUMBER | |
| control field | 3408 |
| 003 - CONTROL NUMBER IDENTIFIER | |
| control field | FISKH |
| 005 - DATE AND TIME OF LATEST TRANSACTION | |
| control field | 20240913075615.0 |
| 008 - FIXED-LENGTH DATA ELEMENTS--GENERAL INFORMATION | |
| fixed length control field | 240304b cb ||||| |||| 00| 0 eng d |
| 020 ## - INTERNATIONAL STANDARD BOOK NUMBER | |
| International Standard Book Number | 9780545231015 |
| 040 ## - CATALOGING SOURCE | |
| Original cataloging agency | FISK |
| Language of cataloging | eng |
| Transcribing agency | FISK |
| Modifying agency | FISK |
| 050 ## - LIBRARY OF CONGRESS CALL NUMBER | |
| Classification number | PZ7.H9659 |
| 082 ## - DEWEY DECIMAL CLASSIFICATION NUMBER | |
| Classification number | 813.6 |
| 100 ## - MAIN ENTRY--PERSONAL NAME | |
| Personal name | Hutton Clare : |
| Dates associated with a name | 1963- |
| 245 ## - TITLE STATEMENT | |
| Title | Midnight howl / |
| Statement of responsibility, etc. | Clare Hutton |
| 260 ## - PUBLICATION, DISTRIBUTION, ETC. | |
| Place of publication, distribution, etc. | New York : |
| Name of publisher, distributor, etc. | Scholastic, |
| Date of publication, distribution, etc. | 2011 |
| 300 ## - PHYSICAL DESCRIPTION | |
| Extent | 178 pages : |
| Dimensions | 20 cm |
| 490 ## - SERIES STATEMENT | |
| Materials specified | A potson apple book |
| 505 ## - FORMATTED CONTENTS NOTE | |
| Formatted contents note | M |
| 520 ## - SUMMARY, ETC. | |
| Summary, etc. | While staying on a ranch in Montana with family friends, Marisol begins to fear that she might be living with a werewolf. |
| 521 8# - TARGET AUDIENCE NOTE | |
| Target audience note | 700 |
| Source | Lexile |
| 700 ## - ADDED ENTRY--PERSONAL NAME | |
| Personal name | Clare Hutton |
| 942 ## - ADDED ENTRY ELEMENTS (KOHA) | |
| Source of classification or shelving scheme | Dewey Decimal Classification |
| Koha item type | Books |
| Suppress in OPAC | No |
| Withdrawn status | Lost status | Source of classification or shelving scheme | Damaged status | Not for loan | Collection | Home library | Current library | Shelving location | Date acquired | Total Checkouts | Full call number | Barcode | Date last seen | Copy number | Price effective from | Koha item type | Date last checked out |
|---|---|---|---|---|---|---|---|---|---|---|---|---|---|---|---|---|---|
| Dewey Decimal Classification | Fiction | Footprints International School Library Network Toul Kork Campus | Footprints International School Library Network Toul Kork Campus | 03/04/2024 | HUT PZ7.H9659 813.6 | 2024-0168 | 03/04/2024 | 1 | 03/04/2024 | Books | |||||||
| Dewey Decimal Classification | Fiction | Footprints International School Library Network Toul Kork Campus | Footprints International School Library Network Toul Tom Poung Campus | 03/04/2024 | 1 | HUT PZ7.H9659 813.6 | 2024-0169 | 10/08/2025 | 2 | 03/04/2024 | Books | 09/17/2025 | |||||
| Dewey Decimal Classification | Fiction | Footprints International School Library Network Toul Kork Campus | Footprints International School Library Network Toul Tom Poung Campus | 09/13/2024 | 2 | HUT PZ7.H9659 813.6 | 2024-1939 | 12/10/2025 | 3 | 09/13/2024 | Books | 11/12/2025 |
